000 00311nam a22001337a 4500
008 170927b xxu||||| |||| 00| 0 eng d
020 _a9780130835727
041 _aeng
080 _26TH
_a37
100 _a47
101 _aEDU
245 _aESSENTIALS OF ORGANIZATIONAL BEHAVIOR
_cROBBIS,S.P
942 _2udc
_cBK
999 _c30300
_d30300